Business ethics : (Record no. 15419)
[ view plain ]
| 000 -LEADER | |
|---|---|
| fixed length control field | 00493nam a22001577a 4500 |
| 003 - CONTROL NUMBER IDENTIFIER | |
| control field | URS |
| 005 - DATE AND TIME OF LATEST TRANSACTION | |
| control field | 20220114172013.0 |
| 008 - FIXED-LENGTH DATA ELEMENTS--GENERAL INFORMATION | |
| fixed length control field | 190426b xxu||||| |||| 00| 0 eng d |
| 020 ## - INTERNATIONAL STANDARD BOOK NUMBER | |
| International Standard Book Number | 9781285428710 |
| 050 14 - LIBRARY OF CONGRESS CALL NUMBER | |
| Classification number | HF 5387 |
| Item number | J445 2015 |
| 100 1# - MAIN ENTRY--PERSONAL NAME | |
| Personal name | Marrianne M. Jennings. |
| Dates associated with a name | 2015- |
| Relator term | author |
| 245 10 - TITLE STATEMENT | |
| Title | Business ethics : |
| Remainder of title | case studies and selected readings / |
| Statement of responsibility, etc. | Marrianne M. Jennings. |
| 250 ## - EDITION STATEMENT | |
| Edition statement | 8th edition |
| 264 #1 - PRODUCTION, PUBLICATION, DISTRIBUTION, MANUFACTURE, AND COPYRIGHT NOTICE | |
| Place of production, publication, distribution, manufacture | United States of America , |
| Name of producer, publisher, distributor, manufacturer | Cengage Learning : |
| Date of production, publication, distribution, manufacture, or copyright notice | ©2015. |
| 942 ## - ADDED ENTRY ELEMENTS (KOHA) | |
| Source of classification or shelving scheme | Library of Congress Classification |
| Koha item type | Foreign Books |
| Withdrawn status | Source of classification or shelving scheme | Damaged status | Not for loan | Collection code | Home library | Current library | Shelving location | Date acquired | Total Checkouts | Full call number | Barcode | Date last seen | Price effective from | Koha item type |
|---|---|---|---|---|---|---|---|---|---|---|---|---|---|---|
| Library of Congress Classification | Non-fiction | Binangonan College Library | Binangonan College Library | Foreign Section | 06/07/2023 | HF 5387 J445 2015 | URSBIN-02328 | 04/26/2019 | 04/26/2019 | Foreign Books |